01312nam a2200301Ia 4500001000600000003000900006008004100015040001300056040001300069041001300082100001800095100002800113240002100141240003500162242009000197242003400287242000800321245003100329245003100360250001100391260001000402260001100412260004900423300004300472500042500515650003900940650003100979 1525IT-RoPAU130308s9999 xx 000 0 und d aIT-RoPAU cIT-RoPAU aFRANCESE aToffler Alvin gCodice Aut. SPICS: 711 aTHIRD WAVE (THE) gCodice Tit. Orig. Spics: T1118 aTERZA ONDATA (LA)-IL TRAMONTO DELL'ERA INDUSTRIALE E LA NASCITA DI UNA NUOVA CIVILTA' nCod. Traduzione Titolo: 79294 yITA aTroisieme vague (La)-Essai bTroisieme vague (La)-Essai a1a ed. aPARIS bDenoel c1980 [1° Ed.:1980 - Ed.Ling.Originale:1980] a"624 p. (prefazione: no ; testo: 624)" aTerza Ondata seconda Ondata Architettura della Civilizzazione Angolo invisibile Chiave del Codice Tecniche del Potere Calco Segreto Sconvolgimenti nazionali imperialismo Industrialità€ Demassificazione dei Media Oltre la Produzione di Massa Elettronica Famiglia di domani Crisi D'Identità€ della Corporazione Alla Ricerca di nuove regole nuove Psicosfere Personalità€ Futuramausoleo Politico Democrazia del XXI Secolo aTEORIA DELLA COMUNICAZIONE SOCIALE eCodice materia Spics: 3802